00546nam a2200157Ia 4500008004000000082001200040100004600052245002800098260004500126300000800171650003400179690001700213906001100230999001700241952013000258210210b1951 xxu||||| |||| 00| 0 eng d a090/121 aBRITISH COUNCIL AND NATIONAL BOOK LEAGUE. aBritish book news 1949. aLondonbLongmans Green and Companyc1951 a888 aBritish National Bibliography aBibliography a000758 c77272d77272 001040708Library ScienceaALbALcMiscellaneousd2021-02-17g0.00l0o090/121p000758r2021-02-17 00:00:00w2021-02-17yBK